Guía completa de la tipografía

Salvato in:
Dettagli Bibliografici
Autore principale: Perfect, Christopher (Autore)
Natura: Libro
Lingua:spagnolo
Pubblicazione: Barcelona Blume 1994
Soggetti:
Tags: Aggiungi Tag
Nessun Tag, puoi essere il primo ad aggiungerne!!

MARC

LEADER 00000nam a2200000 a 4500
001 UCL5997
003 CL-VaPUC
008 040326e19940000SP |||||||||||||||||spa|d
020 |a 8480760907 
082 0 4 |a 686.22  |b PER  |2 21 
100 0 |a Perfect, Christopher  |e author  |9 483746 
245 1 0 |a Guía completa de la tipografía 
246 1 0 |a Manual práctico para el diseño tipográfico 
300 |a 223 p 
942 |c BK 
945 |d 20040326 00:00:00  |a cmena 
260 |a Barcelona  |b Blume  |c 1994 
650 0 |a Tipografía  |9 266998 
650 0 |a Imprenta  |9 265883 
650 0 |a Diagramación  |9 266997 
583 |a last modification  |c 20040326 00:00:00  |k Rodrigo Vera 
999 |c 308307  |d 308305 
952 |0 0  |1 0  |4 0  |6 686_220000000000000_PER_1994  |7 0  |8 A  |9 374682  |a BIBARQ  |b BIBARQ  |d 2019-11-21  |i 395336K  |l 2  |o 686.22 PER 1994  |p 395336K  |r 2025-01-20  |s 2024-05-16  |w 2019-11-21  |y BK  |k ARQ